000 00478nam a22001577a 4500
003 OSt
005 20211022162421.0
008 211022b |||||||| |||| 00| 0 eng d
020 _a9781429201247
040 _chu
082 _a530.123
245 _aPhysics for scientists and engineers
_c Paul Allen Tipler; Gene Mosca
260 _aNew York, NY
_b W.H. Freeman,
_c2008.
300 _axxxii, 1172, [98] pages :
_b illustrations (chiefly color) ;
_c29 cm
942 _2ddc
_cBOOKS
_n0
999 _c14507
_d14507